[Event "AUTO-ELITE-2518"]
[Site "http://www.queenalice.com/game.php?id=1829517"]
[Date "2024.1.17"]
[Round "1"]
[White "ecruzram"]
[Black "trompmaster"]
[Result "0-1"]
[WhiteElo "2368"]
[BlackElo "2518"]

1. e4 d6 2. d4 Nf6 3. Nc3 e5 4. dxe5 dxe5 5. Qxd8+ Kxd8 6. Bc4 Ke8 7. Nf3 Bd6 8.
Be3 a6 9. a4 h6 10. O-O-O Nbd7 11. h3 b5 12. axb5 axb5 13. Bxb5 Bb7 0-1

[Event "AUTO-ELITE-2518"]
[Site "http://www.queenalice.com/game.php?id=1829518"]
[Date "2024.1.17"]
[Round "1"]
[White "trompmaster"]
[Black "ecruzram"]
[Result "1-0"]
[WhiteElo "2513"]
[BlackElo "2376"]

1. d4 Nf6 2. Nf3 e6 3. c4 d5 4. Nc3 Be7 5. Bf4 O-O 6. e3 Nbd7 7. Bd3 dxc4 8.
Bxc4 a6 9. a4 c5 10. O-O cxd4 11. Qxd4 b6 12. Rad1 Bb7 13. Be2 1-0

[Event "AUTO-ELITE-2534"]
[Site "http://www.queenalice.com/game.php?id=1836490"]
[Date "2024.5.8"]
[Round "1"]
[White "ecruzram"]
[Black "raulzampronha"]
[Result "1-0"]
[WhiteElo "2337"]
[BlackElo "2252"]

1. e4 c5 2. c3 Nf6 3. e5 Nd5 4. Nf3 e6 5. d4 cxd4 6. cxd4 b6 7. Nc3 Nxc3 8. bxc3
Qc7 9. Bd2 Bb7 10. Bd3 d6 11. O-O Nd7 12. Ng5 dxe5 13. Qh5 g6 14. Qh3 Be7 15.
Rfe1 Bd5 16. Rac1 Bc4 17. Qf3 O-O 18. Nxf7 Bxd3 19. Nh6+ Kg7 20. Qxd3 exd4 21.
Ng4 Kg8 22. Rxe6 Nc5 23. Qxd4 Nxe6 24. Nh6# 1-0

[Event "AUTO-ELITE-2534"]
[Site "http://www.queenalice.com/game.php?id=1836491"]
[Date "2024.5.8"]
[Round "1"]
[White "raulzampronha"]
[Black "ecruzram"]
[Result "0-1"]
[WhiteElo "2262"]
[BlackElo "2327"]

1. d4 Nf6 2. Nf3 e6 3. c4 d5 4. Nc3 Bb4 5. Bg5 dxc4 6. e4 c5 7. e5 cxd4 8. Qa4+
Nc6 9. O-O-O Bd7 10. Ne4 Be7 11. exf6 gxf6 12. Bd2 f5 13. Ng3 Nb4 14. Qxb4 Bxb4
15. Bxb4 Qb6 16. Be1 c3 0-1

[Event "AUTO-ELITE-2534"]
[Site "http://www.queenalice.com/game.php?id=1836492"]
[Date "2024.5.8"]
[Round "1"]
[White "ecruzram"]
[Black "trompmaster"]
[Result "1-0"]
[WhiteElo "2346"]
[BlackElo "2473"]

1. e4 d6 2. d4 Nf6 3. Nc3 e5 4. Bc4 exd4 5. Qxd4 Nc6 6. Qd1 Be6 7. Bb3 Qe7 8.
Bg5 O-O-O 9. Nge2 h6 10. Nd5 Bxd5 11. Bxf6 Qxf6 12. Qxd5 Kb8 13. Qxf7 Qe5 14.
Qd5 g5 15. Qxe5 dxe5 16. c3 Bc5 17. Rd1 Rxd1+ 18. Bxd1 Rf8 19. Rf1 Ne7 20. Nc1
Bd6 21. Bg4 c5 22. b3 Kc7 23. Ke2 b5 24. Nd3 Nc6 25. Be6 h5 26. Rc1 Ne7 27. f3
Ng6 28. g3 Ne7 29. Nf2 Nc6 30. Bd5 a6 31. Rh1 Ne7 32. h4 gxh4 33. Rxh4 Rh8 34.
Bf7 b4 35. cxb4 cxb4 36. Rxh5 Rxh5 37. Bxh5 Nc6 38. Nd3 Kd7 39. Bf7 Ke7 40. Bc4
a5 41. Ke3 Kf6 42. f4 Bb8 43. Bd5 Na7 44. Nc5 Ke7 45. f5 Bd6 46. Ne6 Nc8 47. g4
Nb6 48. g5 Nd7 49. Kd3 Bb8 50. Kc4 Ba7 51. Kb5 Be3 52. Kxa5 Bd2 53. Kb5 Kd6 54.
f6 Bc3 55. Ng7 Bd2 56. Ne8# 1-0

[Event "AUTO-ELITE-2534"]
[Site "http://www.queenalice.com/game.php?id=1836493"]
[Date "2024.5.8"]
[Round "1"]
[White "trompmaster"]
[Black "ecruzram"]
[Result "0-1"]
[WhiteElo "2417"]
[BlackElo "2396"]

1. Nf3 Nf6 2. c4 c5 3. Nc3 Nc6 4. e3 e6 5. d4 d5 6. Be2 cxd4 7. exd4 dxc4 8.
Bxc4 Be7 9. O-O O-O 10. a3 b6 11. d5 Na5 12. Ba2 Nxd5 13. Nxd5 exd5 14. Qxd5 Be6
15. Qxd8 Rfxd8 16. Bxe6 fxe6 17. Bg5 Bf6 18. Rae1 Rd6 19. Re2 Rad8 20. h4 h6 21.
Bf4 Rd1 22. Rxd1 Rxd1+ 23. Kh2 Nc4 24. Rxe6 Bxb2 25. a4 Ra1 26. g4 Rxa4 27. g5
Kf7 28. Rc6 h5 29. Bb8 a5 30. Kg2 b5 31. g6+ Ke7 32. Ng5 Ra2 33. Ba7 Ra4 34.
Rc7+ Kf6 35. Rc6+ Kf5 36. Rc5+ Kxg6 37. Rxb5 Rb4 38. Rc5 a4 39. Rc6+ Kf5 40. Ra6
a3 41. Bc5 Rb5 42. Ne6 Ra5 43. Rxa5 Nxa5 44. Bxa3 Bxa3 45. Nxg7+ Kg4 46. Ne8 Nb3
47. Nf6+ Kxh4 48. Ne4 Nd4 49. Nf6 Be7 50. Nd5 Bd8 51. Ne3 Bg5 52. Nc4 Kg4 53.
Ne5+ Kf4 54. Nd3+ Ke4 55. Nc5+ Kf5 56. Nd3 Ne6 57. f3 h4 58. Kh3 Be7 59. Kg2 Bd6
60. Kh3 Bg3 61. Kg2 Ng5 62. Nb4 Be5 63. Nd5 h3+ 64. Kf2 Ke6 65. Nb4 Kf5 66. Nd5
Ne6 67. Nb4 Nd4 68. Nd5 Kg5 69. Nc3 Nf5 70. Ne2 Nh4 71. f4+ Bxf4 72. Kg1 Nf5 73.
Kf2 Be3+ 74. Kf3 Kh4 75. Nc3 Bc5 76. Nd5 Nd4+ 77. Kf2 Nc2+ 78. Kf1 Ne3+ 0-1

[Event "kasker -2"]
[Site "http://www.queenalice.com/game.php?id=1838800"]
[Date "2024.6.17"]
[Round "1"]
[White "ecruzram"]
[Black "mestreRJ"]
[Result "1/2-1/2"]
[WhiteElo "2373"]
[BlackElo "2717"]

1. e4 e6 2. d4 d5 3. Nc3 dxe4 4. Nxe4 Nd7 5. Nf3 Ngf6 6. Nxf6+ Nxf6 7. Bd3 c5 8.
Be3 Qb6 9. O-O cxd4 10. Bxd4 Bc5 11. Bc3 Bb4 12. Be5 Bd7 13. a4 a5 14. b3 Bc6
15. Qe2 O-O 16. Rad1 Rfd8 17. Ng5 Qc5 18. Bxf6 gxf6 19. Nxh7 Bc3 20. Qg4+ Kh8
21. Qh4 Kg7 22. Rfe1 Bxe1 23. Qxf6+ Kg8 24. Rxe1 Qd5 25. f3 Qd4+ 26. Qxd4 Rxd4
27. Nf6+ Kg7 28. Ng4 Rc8 29. Ne5 Be8 30. Kf2 Rc5 31. g4 b5 32. axb5 Bxb5 33.
Bxb5 Rxb5 34. Re2 Rc5 35. h4 Rd1 36. h5 f6 37. Nc4 Kf7 38. Re4 Rcd5 39. Re2 Rc5
40. Re4 f5 41. Re2 Kf6 42. Ne5 fxg4 43. Nxg4+ Ke7 44. h6 Rc1 45. Ne5 Rh1 46. Ng4
Rc3 47. Kg3 Rc5 48. c4 Rf5 49. Kg2 Rb1 50. Re3 Rh5 51. Rd3 Rb2+ 52. Kg3 Rb1 53.
Kf4 Rg1 54. Ke3 Rf5 55. Ke2 Rg3 56. Ne3 Rh5 57. Ng4 Rg5 58. Rd1 Rh5 59. Kf2 Rhh3
60. Ne5 Kf6 1/2-1/2

[Event "AUTO-ELITE-2543"]
[Site "http://www.queenalice.com/game.php?id=1839598"]
[Date "2024.7.3"]
[Round "1"]
[White "RaulSoft"]
[Black "ecruzram"]
[Result "1/2-1/2"]
[WhiteElo "2652"]
[BlackElo "2441"]

1. d4 Nf6 2. c4 e6 3. g3 d5 4. Bg2 Bb4+ 5. Bd2 Be7 6. Nf3 c6 7. Qc2 O-O 8. O-O
Nbd7 9. Bf4 b6 10. Re1 Bb7 11. Rd1 c5 12. dxc5 Bxc5 13. cxd5 Nxd5 14. Nc3 Qc8
15. Qd2 N7f6 16. Ne5 Rd8 17. Nxd5 Bxd5 18. b4 Be7 19. Rac1 Qa6 20. Qb2 Qa4 21.
a3 Rac8 22. Bg5 h6 23. Bxd5 hxg5 24. Bb3 Rxd1+ 25. Bxd1 Qe8 26. Kg2 Rxc1 27.
Qxc1 a5 28. bxa5 bxa5 29. a4 Qa8+ 30. Qc6 Qb8 31. Nf3 g4 32. Nd4 Bb4 33. e3 Qe5
34. Qc8+ Bf8 35. Be2 Qd5+ 36. Kg1 Qa2 37. Bd1 Qa1 38. Qc2 Bb4 39. Kg2 g6 40. Be2
Qc3 41. Qd3 Qxd3 42. Bxd3 Bc3 43. Be2 Bxd4 44. exd4 Nd5 45. Bc4 Nc3 46. Bb3 Ne4
47. Bd1 Nc3 48. Bb3 Ne4 49. Bd1 Nc3 50. Bxg4 Nxa4 51. Kf1 Nc3 52. Ke1 Kf8 53. f4
a4 54. Kd2 Nb5 55. Kc2 Ke7 56. Bd1 a3 57. Kb3 f6 58. Bg4 Kd6 59. Bh3 Kd5 60. Bf1
Nxd4+ 61. Kxa3 Nf5 62. Bb5 e5 63. fxe5 fxe5 64. Kb2 Kd4 65. h4 Nxg3 66. Be8 Nf5
67. Bxg6 Nxh4 68. Bh7 e4 69. Bxe4 Kxe4 70. Kc3 Nf3 1/2-1/2

[Event "AUTO-ELITE-2543"]
[Site "http://www.queenalice.com/game.php?id=1839599"]
[Date "2024.7.3"]
[Round "1"]
[White "ecruzram"]
[Black "RaulSoft"]
[Result "1/2-1/2"]
[WhiteElo "2390"]
[BlackElo "2604"]

1. e4 e5 2. Nf3 Nc6 3. Bc4 Nf6 4. d3 Bc5 5. c3 d6 6. b4 Bb6 7. a4 a5 8. b5 Ne7
9. O-O Ng6 10. Nbd2 O-O 11. d4 Bg4 12. Qc2 Qd7 13. Re1 Rfe8 14. h3 Bxf3 15. Nxf3
exd4 16. Bb2 dxc3 17. Bxc3 Ne5 18. Nxe5 dxe5 19. Rad1 Qe7 20. Rd3 h6 21. Red1
Red8 22. Rxd8+ Rxd8 23. Rxd8+ Qxd8 24. Bxe5 Qe7 25. Bxf6 Qxf6 26. Bd5 Qa1+ 27.
Kh2 Qf6 28. Kg1 Qa1+ 29. Kh2 Qf6 30. Kg1 Qa1+ 1/2-1/2

[Event "AUTO-ELITE-2543"]
[Site "http://www.queenalice.com/game.php?id=1839604"]
[Date "2024.7.3"]
[Round "1"]
[White "Sexxy_Bunny"]
[Black "ecruzram"]
[Result "1/2-1/2"]
[WhiteElo "2700"]
[BlackElo "2410"]

1. e4 e5 2. Nf3 Nc6 3. Bb5 a6 4. Ba4 Nf6 5. O-O Be7 6. Re1 b5 7. Bb3 O-O 8. c3
d5 9. exd5 Nxd5 10. Nxe5 Nxe5 11. Rxe5 c6 12. d4 Bd6 13. Re1 Qh4 14. g3 Qh3 15.
Be3 Bg4 16. Qd3 f5 17. f4 Kh8 18. Bxd5 cxd5 19. Nd2 Rfe8 20. Qf1 Qh5 21. a4 b4
22. c4 h6 23. cxd5 b3 24. Nc4 Bb4 25. Ne5 Bxe1 26. Rxe1 Red8 27. Bd2 Kh7 28. Bc3
Rxd5 29. a5 Rd6 30. Nc4 Rdd8 31. Ne5 Rac8 32. Qd3 Rd6 33. h4 Rcd8 34. Kf2 Rc8
35. Nc4 Rxc4 36. Qxc4 Bf3 37. Re3 Be4 38. Qe2 Qf7 39. g4 Qe7 40. g5 hxg5 41.
fxg5 Re6 42. d5 Bxd5 43. Rxe6 Bxe6 44. Kg3 f4+ 45. Kxf4 Qf8+ 46. Ke3 Qc5+ 47.
Kd2 Bf5 48. Qh5+ Kg8 49. Qf3 Bg6 50. Qf4 Qd5+ 51. Ke3 Qd3+ 52. Kf2 Bh5 53. Kg2
Qc2+ 54. Qf2 Kh7 55. Kg3 Qd3+ 56. Kh2 Qc2 57. Qxc2+ bxc2 58. Bd2 Kg6 59. b4 Be2
60. Kg2 Bb5 61. Kf2 Kh5 62. Ke3 Kxh4 63. Kd4 Bc6 64. Kc3 Ba4 65. b5 Bxb5 66.
Kxc2 Kh5 67. Bf4 Kg4 68. Bd2 g6 69. Kb3 Kf5 70. Kb4 Ke6 71. Kc5 Bf1 72. Kd4 Be2
73. Bb4 Bd1 74. Ba3 Kf5 75. Bc1 Ke6 76. Ba3 1/2-1/2

[Event "AUTO-ELITE-2543"]
[Site "http://www.queenalice.com/game.php?id=1839605"]
[Date "2024.7.3"]
[Round "1"]
[White "ecruzram"]
[Black "Sexxy_Bunny"]
[Result "1/2-1/2"]
[WhiteElo "2362"]
[BlackElo "2729"]

1. e4 c5 2. c3 d5 3. exd5 Qxd5 4. Nf3 Nc6 5. d4 Bg4 6. Be2 cxd4 7. cxd4 e6 8.
Nc3 Qa5 9. d5 exd5 10. Nd4 Bxe2 11. Qxe2+ Be7 12. Nxc6 bxc6 13. O-O Kf8 14. Re1
Re8 15. h3 Nf6 16. Qd3 h5 17. a3 Qd8 18. b4 h4 19. Bg5 Rh5 20. Be3 Qd7 21. Ne2
a5 22. Rab1 axb4 23. axb4 Ne4 24. Nd4 c5 25. bxc5 Bxc5 26. Qb5 Qxb5 27. Rxb5 Ra8
28. f3 Bxd4 29. fxe4 Bxe3+ 30. Rxe3 Ra1+ 31. Kf2 Ra2+ 32. Re2 Rxe2+ 33. Kxe2 Re5
34. Rxd5 Rxe4+ 35. Kf3 Ra4 36. Rb5 Ra3+ 37. Kf2 Ra4 38. Kf3 f6 39. Rb8+ Kf7 40.
Rb7+ Kg6 41. Kf2 1/2-1/2

[Event "AUTO-ELITE-2553"]
[Site "http://www.queenalice.com/game.php?id=1844440"]
[Date "2024.9.29"]
[Round "1"]
[White "acid"]
[Black "ecruzram"]
[Result "1-0"]
[WhiteElo "2724"]
[BlackElo "2431"]

1. c4 e5 2. Nc3 Nf6 3. Nf3 Nc6 4. g3 Bb4 5. Nd5 e4 6. Nh4 O-O 7. Bg2 d6 8. Nxb4
Nxb4 9. a3 Nc6 10. d3 exd3 11. Qxd3 Re8 12. O-O Qe7 13. e4 Qe5 14. Ra2 a5 15. b3
Qd4 16. Qb1 Ne5 17. Rc2 Qc5 18. Qa1 Qb6 19. Rc3 a4 20. b4 Be6 21. Bf4 c5 22. Rb1
cxb4 23. Rxb4 Qa6 24. Nf5 Rac8 25. Qd1 Nxc4 26. e5 Nb2 27. Rxb2 Rxc3 28. Nxd6
Bb3 29. Qa1 Re6 30. Rd2 Rd3 31. Bxb7 Rxd2 32. Bxa6 Rd1+ 33. Qxd1 Bxd1 34. Bc8
Nd5 35. Bxe6 fxe6 36. Kf1 h6 37. Ke1 Bb3 38. Be3 Kh7 39. Kd2 Nc7 40. f4 Nd5 41.
Nb7 Kg6 42. Nc5 Kf5 43. Nxb3 axb3 44. Bg1 Kg4 45. a4 h5 46. Kc1 g6 47. a5 h4 48.
gxh4 Kxf4 49. a6 Nc7 50. a7 Kxe5 51. Kb2 Kd5 52. Kxb3 e5 53. Kc3 e4 54. Bf2 1-0

[Event "AUTO-ELITE-2553"]
[Site "http://www.queenalice.com/game.php?id=1844441"]
[Date "2024.9.29"]
[Round "1"]
[White "ecruzram"]
[Black "acid"]
[Result "1/2-1/2"]
[WhiteElo "2416"]
[BlackElo "2730"]

1. e4 c5 2. c3 Nf6 3. e5 Nd5 4. Nf3 Nc6 5. d4 cxd4 6. cxd4 d6 7. Bc4 Nb6 8. Bb5
dxe5 9. Nxe5 Bd7 10. Nc3 Nxe5 11. dxe5 Bxb5 12. Nxb5 Qxd1+ 13. Kxd1 O-O-O+ 14.
Ke2 Rd5 15. a4 Rxe5+ 16. Be3 Nd5 17. Rac1+ Kb8 18. Rhd1 e6 1/2-1/2

[Event "AUTO-ELITE-2553"]
[Site "http://www.queenalice.com/game.php?id=1844446"]
[Date "2024.9.29"]
[Round "1"]
[White "ecruzram"]
[Black "josebaron"]
[Result "1-0"]
[WhiteElo "2406"]
[BlackElo "2202"]

1. d4 d5 2. c4 dxc4 3. e4 e5 4. Nf3 exd4 5. Bxc4 Bb4+ 6. Nbd2 Bxd2+ 7. Bxd2 Nf6
8. Qb3 Qe7 9. O-O O-O 10. Rae1 Nc6 11. e5 Ng4 12. h3 Ngxe5 13. Nxe5 Nxe5 14. Bf4
Nf3+ 15. Qxf3 Qc5 16. Bd3 c6 17. Qg3 1-0

[Event "AUTO-ELITE-2553"]
[Site "http://www.queenalice.com/game.php?id=1844447"]
[Date "2024.9.29"]
[Round "1"]
[White "josebaron"]
[Black "ecruzram"]
[Result "0-1"]
[WhiteElo "2216"]
[BlackElo "2422"]

1. e4 c5 2. Nf3 d6 3. Bb5+ Nd7 4. Bxd7+ Bxd7 5. O-O Nf6 6. d3 g6 7. Nc3 b5 8. a3
Bg7 9. e5 dxe5 10. Nxe5 O-O 11. Nxd7 Qxd7 12. Ne4 Rac8 13. Nxf6+ Bxf6 14. c3
Rfd8 15. Be3 a5 16. Rc1 Qxd3 17. Qxd3 Rxd3 18. Rfd1 Rxd1+ 19. Rxd1 b4 20. axb4
cxb4 21. cxb4 axb4 22. b3 Be5 23. g3 Rc3 24. Rb1 Rc2 25. Kg2 f6 26. h4 Kf7 27.
Kf3 Ke6 0-1

[Event "AUTO-ELITE-2559"]
[Site "http://www.queenalice.com/game.php?id=1846829"]
[Date "2024.11.7"]
[Round "1"]
[White "ecruzram"]
[Black "Sexxy_Bunny"]
[Result "1/2-1/2"]
[WhiteElo "2426"]
[BlackElo "2697"]

1. e4 c5 2. c3 Nf6 3. e5 Nd5 4. Nf3 Nc6 5. d4 cxd4 6. Bc4 Nb6 7. Bb3 d5 8. exd6
Qxd6 9. O-O Be6 10. Nxd4 Nxd4 11. cxd4 Bxb3 12. Qxb3 e6 13. Rd1 Be7 14. d5 Nxd5
15. Nc3 O-O 16. Nxd5 exd5 17. Rxd5 Qe6 18. Be3 b6 19. Rad1 Bf6 20. R1d2 h5 21.
Qd1 h4 22. h3 Rae8 23. b3 Re7 24. Rd6 Qf5 25. Qc2 Qe5 26. R6d5 1/2-1/2

[Event "AUTO-ELITE-2559"]
[Site "http://www.queenalice.com/game.php?id=1846830"]
[Date "2024.11.7"]
[Round "1"]
[White "Sexxy_Bunny"]
[Black "ecruzram"]
[Result "1/2-1/2"]
[WhiteElo "2637"]
[BlackElo "2445"]

1. e4 e5 2. Nf3 Nc6 3. Bb5 a6 4. Ba4 Nf6 5. O-O Be7 6. Re1 b5 7. Bb3 O-O 8. c3
d5 9. exd5 Nxd5 10. Nxe5 Nxe5 11. Rxe5 c6 12. d4 Bd6 13. Re1 Qh4 14. g3 Qh3 15.
Be3 Bg4 16. Qd3 f5 17. f4 Kh8 18. Bxd5 cxd5 19. Nd2 Rfe8 20. Qf1 Qh5 21. a4 b4
22. c4 h6 23. cxd5 b3 24. Nc4 Bb4 25. Ne5 Bxe1 26. Rxe1 Red8 27. Bd2 Kh7 28.
Nxg4 fxg4 29. Qd3+ Kg8 30. Re5 Qf7 31. Qe4 Rac8 32. Ba5 Rc1+ 33. Kf2 Rf8 34. Bb4
Rb8 35. Ke3 Rf1 36. Re7 Qh5 37. Qe6+ Kh8 38. d6 Qxh2 39. Re8+ Rxe8 40. Qxe8+ Kh7
41. d7 Qxg3+ 42. Ke4 Rxf4+ 43. Kd5 Qf3+ 44. Kc5 Re4 45. Qc8 Qf5+ 46. Kb6 Qf6+
47. Kb7 Rxd4 48. Bc3 Qf3+ 49. Ka7 Rd6 50. d8=Q Qe3+ 51. Kb7 Qe4+ 52. Ka7 Qe3+
53. Kb7 Qe4+ 54. Kb8 Rxd8 55. Qxd8 g3 56. a5 h5 57. Qd7 Qg6 58. Bd4 h4 59. Kb7
Kh6 60. Bb6 Qf6 61. Bd4 Qg6 62. Bb6 g2 63. Qh3 Kh5 64. Qe3 Kg4 65. Qd4+ Kh5 66.
Qe3 Kg4 67. Qd4+ Kh5 68. Qe5+ Kg4 69. Qd4+ 1/2-1/2

[Event "AUTO-ELITE-2559"]
[Site "http://www.queenalice.com/game.php?id=1846831"]
[Date "2024.11.7"]
[Round "1"]
[White "ecruzram"]
[Black "gizmokaka"]
[Result "0-1"]
[WhiteElo "2453"]
[BlackElo "2750"]

1. e4 e5 2. Nf3 Nc6 3. Bc4 Bc5 4. c3 Nf6 5. d3 d6 6. b4 Bb6 7. a4 a5 8. b5 Ne7
9. Nbd2 O-O 10. O-O Ng6 11. Ba3 Nh5 12. d4 Nhf4 13. dxe5 Bg4 14. g3 Nxe5 15.
gxf4 Bxf3 16. Be2 Bxe2 17. Qxe2 Nd7 18. Qf3 Bc5 19. Nb3 Bxa3 20. Rxa3 Qh4 21.
Raa1 Rfe8 22. Kh1 Re6 23. Rg1 Rh6 24. Qg3 Qf6 25. f5 g6 26. Qe3 Rh5 27. f3 Re8
28. Qd2 Ne5 29. Raf1 b6 30. Nd4 Nc4 31. Qf4 Kf8 32. Ne2 Qe5 33. Rf2 gxf5 34.
Rfg2 fxe4 35. fxe4 h6 36. Rg8+ Ke7 37. Rxe8+ Kxe8 38. Rg8+ Ke7 39. Rc8 Kd7 40.
Rf8 f5 41. Qxe5 dxe5 42. Ng3 Rh4 43. Rf7+ Kd8 44. Nxf5 Rxe4 45. Ng7 Ne3 46. Ne6+
Ke8 47. Rxc7 Rxa4 48. h3 Rc4 49. Ng7+ Kf8 50. Ne6+ Ke8 51. Ng7+ Kf8 52. Ne6+ Kg8
53. Rg7+ Kh8 54. Rb7 Nd5 55. Rb8+ Kh7 56. Nf8+ Kg7 57. Nd7 Rxc3 58. Nxb6 Rxh3+
59. Kg1 Nxb6 60. Rb7+ Kg6 61. Rxb6+ Kf5 62. Ra6 Rb3 63. Rxa5 Rb2 64. Ra6 h5 65.
Rh6 Kg5 66. Rb6 e4 67. Rb8 e3 68. Kf1 h4 69. Rh8 Rxb5 0-1

[Event "AUTO-ELITE-2559"]
[Site "http://www.queenalice.com/game.php?id=1846832"]
[Date "2024.11.7"]
[Round "1"]
[White "gizmokaka"]
[Black "ecruzram"]
[Result "1-0"]
[WhiteElo "2716"]
[BlackElo "2429"]

1. c4 e5 2. Nc3 Nf6 3. Nf3 Nc6 4. e4 Bb4 5. d3 d6 6. a3 Bxc3+ 7. bxc3 O-O 8. g3
h6 9. Bg2 Na5 10. O-O Be6 11. Rb1 c6 12. Nh4 Re8 13. h3 Rc8 14. a4 Qd7 15. Kh2
d5 16. f4 exf4 17. e5 fxg3+ 18. Kg1 Nh7 19. Qh5 Kh8 20. Be3 Rg8 21. Rf3 g5 22.
Rbf1 Nxc4 23. dxc4 gxh4 24. Rxf7 Bxf7 25. Rxf7 Qe6 26. Rf6 Qe8 27. Qxh6 Rg7 28.
cxd5 cxd5 29. e6 Kg8 30. Rf5 Qg6 31. Qf4 Rf8 32. e7 Rxe7 33. Bxd5+ Rff7 34. a5
g2 35. Ba2 b6 36. Rxf7 Rxf7 37. Bxf7+ Qxf7 38. Qxf7+ Kxf7 39. a6 1-0

[Event "AUTO-ELITE-2564"]
[Site "http://www.queenalice.com/game.php?id=1849357"]
[Date "2024.12.25"]
[Round "1"]
[White "raulzampronha"]
[Black "ecruzram"]
[Result "0-1"]
[WhiteElo "2245"]
[BlackElo "2432"]

1. d4 e6 2. e4 d5 3. Nc3 Nf6 4. Bg5 dxe4 5. Nxe4 Be7 6. Bxf6 Bxf6 7. Nf3 O-O 8.
Bd3 Nd7 9. O-O b6 10. Re1 Bb7 11. c3 Be7 12. Qc2 g6 13. Rad1 Rc8 14. Qd2 c5 15.
dxc5 Nxc5 16. Nxc5 Rxc5 17. Be4 Qxd2 18. Rxd2 Bc8 19. Bc2 Rd8 20. Rxd8+ Bxd8 21.
Rd1 Be7 22. Nd2 Kf8 23. Nb3 Rc7 24. Kf1 e5 25. Nc1 Ba6+ 26. Bd3 Rd7 27. Ke2 Rxd3
28. Nxd3 e4 0-1

[Event "AUTO-ELITE-2564"]
[Site "http://www.queenalice.com/game.php?id=1849358"]
[Date "2024.12.25"]
[Round "1"]
[White "ecruzram"]
[Black "raulzampronha"]
[Result "1-0"]
[WhiteElo "2427"]
[BlackElo "2263"]

1. e4 c5 2. c3 Nf6 3. e5 Nd5 4. Nf3 e6 5. d4 cxd4 6. cxd4 b6 7. Nc3 Nxc3 8. bxc3
Bb7 9. Bd3 d6 10. O-O Qc7 11. Bf4 Nd7 12. Re1 Be7 13. d5 O-O-O 14. dxe6 fxe6 15.
Nd4 dxe5 16. Nxe6 Qc6 17. Qg4 exf4 18. Be4 Qxe4 19. Rxe4 Bxe4 20. Qxf4 1-0

[Event "AUTO-ELITE-2564"]
[Site "http://www.queenalice.com/game.php?id=1849363"]
[Date "2024.12.25"]
[Round "1"]
[White "Sexxy_Bunny"]
[Black "ecruzram"]
[Result "1/2-1/2"]
[WhiteElo "2663"]
[BlackElo "2436"]

1. e4 e5 2. Nf3 Nc6 3. Bb5 a6 4. Ba4 Nf6 5. O-O Be7 6. Re1 b5 7. Bb3 O-O 8. c3
d5 9. exd5 Nxd5 10. Nxe5 Nxe5 11. Rxe5 c6 12. d4 Bd6 13. Re1 Qh4 14. g3 Qh3 15.
Be3 Bg4 16. Qd3 f5 17. f4 Kh8 18. Bxd5 cxd5 19. Nd2 Rfe8 20. Qf1 Qh5 21. a4 bxa4
22. Rxa4 a5 23. Raa1 Reb8 24. b3 h6 25. Bf2 Kh7 26. Qd3 Qg6 27. Ra2 Bh5 28. Kf1
Bg4 29. Kg2 Bh5 30. Kh1 Bg4 31. Kg2 Bh5 32. Kh1 Bg4 33. Kg1 Bh5 34. Kh1 1/2-1/2

[Event "AUTO-ELITE-2564"]
[Site "http://www.queenalice.com/game.php?id=1849364"]
[Date "2024.12.25"]
[Round "1"]
[White "ecruzram"]
[Black "Sexxy_Bunny"]
[Result "1/2-1/2"]
[WhiteElo "2449"]
[BlackElo "2638"]

1. e4 c5 2. c3 Nf6 3. e5 Nd5 4. Nf3 Nc6 5. Bc4 Nb6 6. Bb3 c4 7. Bc2 Qc7 8. O-O
Nxe5 9. Nxe5 Qxe5 10. Re1 Qc7 11. a4 e6 12. d3 cxd3 13. Qxd3 Be7 14. Na3 a6 15.
a5 Nd5 16. Bb3 Nf6 17. Nc4 Bc5 18. Be3 O-O 19. Nb6 Rb8 20. c4 Rd8 21. Rad1 Bxe3
22. Rxe3 d5 23. Qd4 Qd6 24. h3 Bd7 25. cxd5 exd5 26. Nxd5 Nxd5 27. Qxd5 Qxd5 28.
Rxd5 Bc6 29. Rxd8+ Rxd8 30. Re7 g6 31. Rxf7 Kh8 32. h4 Rd2 33. h5 gxh5 34. Bc4
h6 35. b3 Ra2 36. Rf5 h4 37. Bf7 Kg7 38. b4 Ra3 39. Kh2 h3 40. g3 Rc3 41. Bd5
Kg6 42. Be6 Rc1 43. g4 Rc3 44. f4 Rd3 45. Rc5 Kf6 46. Bc8 Rd8 47. g5+ hxg5 48.
fxg5+ Kg6 49. Bxh3 Rd5 50. Rxd5 Bxd5 51. Bd7 Bc6 52. Bg4 Kxg5 53. Kg3 Be4
1/2-1/2